000 00740 a2200241 4500
005 20260107154427.0
008 260107b |||||||| |||| 00| 0 eng d
020 _a978-81-987040-3-0 (hbk)
037 _cTB
040 _aCRL
_cCRL
041 _2eng
_aeng
084 _aV1N14 R5
_qCRL
100 _aMyrdal, Jan
_9849894
245 _aSelling war like margarine
260 _aNoida, India:
_bSetu Prakashani,
_c2025.
300 _a208p.
365 _b5500
_cINR
650 _a World War1914-1918
_9862790
650 _a World War1939-1945
_9862791
650 _aPosters Exhibitions
_9862792
942 _cTB
_2CC
_n0
_hV1N14 R5
999 _c1465094
_d1465094